[Event "9th Sunway Sitges 2022"]
[Site "Sitges ESP"]
[Date "2022.12.14"]
[Round "3.74"]
[White "Ezquerro Luque, Albert"]
[Black "Reprintsev, Alexander"]
[Result "1-0"]
[BlackTitle "IM"]
[WhiteElo "2134"]
[BlackElo "2330"]
[WhiteFideId "2276682"]
[BlackFideId "14100541"]
[EventDate "2022.12.12"]

1. e4 d5 2. exd5 Qxd5 3. Nc3 Qa5 4. d4 Nf6 5. Nf3 Nc6 6. Bd2 a6 7. Bc4 Qh5 8.
Ne5 Bg4 9. Nxg4 Qxg4 10. Qxg4 Nxg4 11. h3 Nf6 12. d5 Nd4 13. O-O-O O-O-O 14. Bf4
Nf5 15. Rhe1 g6 16. g4 Nd6 17. Bb3 h5 18. g5 Nd7 19. Be3 Bg7 20. Bd4 Bxd4 21.
Rxd4 f6 22. Ne4 Ne5 23. gxf6 exf6 24. Rdd1 Nf3 25. Nxd6+ Rxd6 26. Re3 Nh4 27. c4
Nf5 28. Ree1 Rh7 29. Re8+ Rd8 30. Re6 Rf7 31. Bc2 Rg8 32. Bxf5 gxf5 33. Rd4 Rg1+
34. Kc2 Rh1 35. Rd3 Rh2 36. Rf3 Kd7 37. Ree3 Re7 38. Kd3 c6 39. dxc6+ bxc6 40.
Kd4 c5+ 41. Kxc5 Rxe3 42. fxe3 Rxb2 43. Rxf5 Ke6 44. Rxh5 Rxa2 45. Kb6 Ra3 46.
e4 Re3 47. Kxa6 Rxe4 48. Kb5 f5 49. Rh6+ Ke7 50. Rh7+ Ke6 51. Rh8 Re3 52. Re8+ 1-0

[Event "9th Sunway Sitges 2022"]
[Site "Sitges ESP"]
[Date "2022.12.14"]
[Round "3.75"]
[White "Karavade, Eesha"]
[Black "Salinas Tomas, Daniel"]
[Result "0-1"]
[WhiteTitle "IM"]
[WhiteElo "2325"]
[BlackElo "2089"]
[WhiteFideId "5012600"]
[BlackFideId "24597716"]
[EventDate "2022.12.12"]

1. d4 Nf6 2. c4 e6 3. Nc3 Bb4 4. e3 O-O 5. Bd2 d5 6. Nf3 b6 7. cxd5 exd5 8. Rc1
Be7 9. Bd3 Bb7 10. O-O c5 11. dxc5 bxc5 12. b3 Re8 13. Na4 Nbd7 14. Bc3 Rc8 15.
Bf5 Ne4 16. Ba5 Qxa5 17. Bxd7 Bd6 18. Qc2 Bb8 19. Bxe8 Qc7 20. Bb5 Ng5 21. Rfe1
d4 22. e4 Nxf3+ 23. gxf3 Qxh2+ 24. Kf1 f5 25. Ke2 fxe4 26. fxe4 Rf8 27. Rf1 Bg3
28. Ke1 Rxf2 29. Rxf2 Qg1+ 30. Ke2 Qxf2+ 31. Kd3 Qe3+ 32. Kc4 Bxe4 33. Qd1 Bf3
34. Qc2 Be2+ 35. Kd5 Qe5+ 36. Kc6 Qc7+ 0-1

[Event "9th Sunway Sitges 2022"]
[Site "Sitges ESP"]
[Date "2022.12.14"]
[Round "3.76"]
[White "Chulis, Alexander"]
[Black "Pourkashiyan, Atousa"]
[Result "0-1"]
[BlackTitle "WGM"]
[WhiteElo "2097"]
[BlackElo "2321"]
[WhiteFideId "1607588"]
[BlackFideId "12502014"]
[EventDate "2022.12.12"]

1. e4 c5 2. Ne2 e6 3. c4 Nf6 4. Nbc3 d5 5. exd5 exd5 6. d4 Nc6 7. Bg5 dxc4 8.
dxc5 Qa5 9. Bxf6 gxf6 10. Nf4 Bxc5 11. Qe2+ Ne5 12. Nd5 Kf8 13. Qh5 h6 14. Be2
Be6 15. O-O f5 16. Rad1 Qd8 17. h4 Kg7 18. Ne4 Be7 19. Ng3 Bxd5 20. Nxf5+ Kf8
21. Nxe7 Qxe7 22. Rxd5 Re8 23. Rfd1 Ng6 24. Bxc4 Nf4 25. Qf3 Nxd5 26. Qxd5 Rg8
27. g3 Rg6 28. Bb5 Ra8 29. Qd4 Kg8 30. Bd3 Rg7 31. Qf4 Qe6 32. Bc4 Qb6 33. Rd6
Qxb2 34. Rd7 Rf8 35. Qxh6 Qb1+ 36. Kh2 Qf5 37. Qd2 b5 38. Bd3 Qc5 39. Rd5 Qe7
40. Bxb5 Rb8 41. Bd3 Qf6 42. Bf5 Kh8 43. Qf4 Rb2 44. a4 Qb6 45. Kg2 Qb8 46. Qh6+
Kg8 47. Bh7+ Kf8 48. Qf6 Qxg3+ 49. Kf1 Qg1# 0-1

[Event "9th Sunway Sitges 2022"]
[Site "Sitges ESP"]
[Date "2022.12.14"]
[Round "3.77"]
[White "Priyanka, Nutakki"]
[Black "Verbin, Valentina"]
[Result "1-0"]
[WhiteTitle "WGM"]
[WhiteElo "2316"]
[BlackElo "2088"]
[WhiteFideId "25049615"]
[BlackFideId "13905910"]
[EventDate "2022.12.12"]

1. Nf3 d5 2. e3 Nf6 3. c4 e6 4. b3 b6 5. Bb2 Bb7 6. Be2 Bd6 7. O-O Nbd7 8. d4
O-O 9. Nc3 a6 10. Rc1 Qe7 11. Qc2 dxc4 12. bxc4 c5 13. Rcd1 cxd4 14. exd4 Rfc8
15. Rfe1 b5 16. d5 e5 17. cxb5 axb5 18. Bxb5 Nxd5 19. Nxd5 Bxd5 20. Qd3 Nb6 21.
Bxe5 Bb4 22. Re2 Rxa2 23. Bb2 Qd6 24. Nh4 Qf4 25. Nf5 Qg5 26. f3 g6 27. Qd4 Bc5
28. Qxc5 Qxf5 29. Qxb6 f6 30. Qd4 Bxf3 31. Bc4+ Kg7 32. Re7+ Kh6 33. Qe3+ g5 34.
Bd3 1-0

[Event "9th Sunway Sitges 2022"]
[Site "Sitges ESP"]
[Date "2022.12.14"]
[Round "3.78"]
[White "Dixit, Nikhil"]
[Black "Korkmaz, Necmettin"]
[Result "1-0"]
[WhiteTitle "FM"]
[BlackTitle "CM"]
[WhiteElo "2306"]
[BlackElo "2077"]
[WhiteFideId "5059534"]
[BlackFideId "6303285"]
[EventDate "2022.12.12"]

1. e4 c5 2. Nf3 d6 3. Bb5+ Bd7 4. Bxd7+ Nxd7 5. O-O Ngf6 6. Re1 e6 7. c3 Be7 8.
d4 O-O 9. Nbd2 cxd4 10. cxd4 d5 11. e5 Ne8 12. Nf1 Qb6 13. Re3 Rc8 14. Qe2 Rc6
15. Rb3 Qc7 16. Bf4 a5 17. a4 Bb4 18. Qe3 Nb6 19. Ng5 h6 20. Nh3 Kh7 21. Qe2 Rc2
22. Qh5 Qc4 23. Bxh6 Qe2 24. Rf3 Kg8 25. Ng5 Be1 26. Bxg7 Bxf2+ 27. Kh1 1-0

[Event "9th Sunway Sitges 2022"]
[Site "Sitges ESP"]
[Date "2022.12.14"]
[Round "3.79"]
[White "Gong, Qianyun"]
[Black "Duke, Michael"]
[Result "1-0"]
[WhiteTitle "WGM"]
[WhiteElo "2299"]
[BlackElo "2067"]
[WhiteFideId "8602425"]
[BlackFideId "2402262"]
[EventDate "2022.12.12"]

1. e4 c5 2. c3 d5 3. exd5 Qxd5 4. d4 g6 5. Nf3 Bg7 6. Na3 Nc6 7. Nb5 Qe4+ 8. Be2
cxd4 9. Nc7+ Kf8 10. Nxa8 dxc3 11. bxc3 Bxc3+ 12. Bd2 Bxa1 13. Qxa1 Nf6 14. Bh6+
Kg8 15. O-O e5 16. Bb5 Ng4 17. Bxc6 bxc6 18. Re1 Qc2 19. Rxe5 1-0

[Event "9th Sunway Sitges 2022"]
[Site "Sitges ESP"]
[Date "2022.12.14"]
[Round "3.80"]
[White "Nikolov, Yavor"]
[Black "Rakhmangulova, Anastasiya"]
[Result "0-1"]
[BlackTitle "WIM"]
[WhiteElo "2092"]
[BlackElo "2296"]
[WhiteFideId "2926644"]
[BlackFideId "14117479"]
[EventDate "2022.12.12"]

1. e4 e6 2. b3 d5 3. Bb2 Nc6 4. e5 d4 5. f4 b6 6. Nf3 Qd5 7. Qe2 Bb7 8. c3 Nge7
9. cxd4 Qd7 10. g3 Nf5 11. d5 Nb4 12. dxe6 fxe6 13. Na3 O-O-O 14. d4 g5 15. fxg5
Nd5 16. Nc2 Bb4+ 17. Kf2 Rhf8 18. Bg2 Nh4 19. Kg1 Nc3 20. Bxc3 Nxf3+ 21. Bxf3
Bxf3 22. Qc4 Bxc3 23. Qxc3 Qd5 24. Ne3 Qxd4 25. Qxd4 Rxd4 26. Rf1 Rd2 27. h4 Re2
28. Rh2 Rxe3 29. Rhf2 Rf5 30. Kh2 Bg4 0-1

[Event "9th Sunway Sitges 2022"]
[Site "Sitges ESP"]
[Date "2022.12.14"]
[Round "3.81"]
[White "Ortega Serra, Marc"]
[Black "Raghav, Srivathsav V"]
[Result "1-0"]
[WhiteElo "2291"]
[BlackElo "2059"]
[WhiteFideId "2293137"]
[BlackFideId "5073316"]
[EventDate "2022.12.12"]

1. d4 Nf6 2. Nf3 g6 3. g3 Bg7 4. Bg2 O-O 5. O-O d6 6. a4 c5 7. Nc3 Nc6 8. d5 Nb4
9. e4 b6 10. Re1 a6 11. Nb1 c4 12. Bd2 a5 13. Bc3 Bd7 14. Nfd2 Rc8 15. Bf1 b5
16. axb5 Bg4 17. f3 Qb6+ 18. Kg2 h5 19. Na3 h4 20. fxg4 h3+ 21. Kxh3 Nfxd5 22.
Ndxc4 Qg1 23. Be2 Qc5 24. Bxg7 Kxg7 25. Kg2 f5 26. c3 Nf6 27. Qd4 Qxd4 28. cxd4
Nxe4 29. gxf5 gxf5 30. Rad1 d5 31. Ne3 e6 32. Rc1 Rxc1 33. Rxc1 f4 34. gxf4 Rxf4
35. Rf1 Rh4 36. Nac2 Nd6 37. Ra1 Nc4 38. Bxc4 dxc4 39. Nxb4 axb4 40. Nxc4 Rxd4
41. b3 Kf6 42. b6 Rd8 43. b7 Rb8 44. Nd6 Ke7 45. Ra8 1-0

[Event "9th Sunway Sitges 2022"]
[Site "Sitges ESP"]
[Date "2022.12.14"]
[Round "3.82"]
[White "Rodriguez Diaz, Javier"]
[Black "Kristoferitsch, Daniel"]
[Result "1/2-1/2"]
[BlackTitle "FM"]
[WhiteElo "2084"]
[BlackElo "2286"]
[WhiteFideId "32044186"]
[BlackFideId "1642650"]
[EventDate "2022.12.12"]

1. e4 c5 2. Nf3 e6 3. b3 a6 4. Bb2 d6 5. d4 cxd4 6. Nxd4 Nf6 7. Nd2 Be7 8. Bd3
Qc7 9. Qe2 O-O 10. O-O Nbd7 11. f4 g6 12. N4f3 e5 13. fxe5 Nxe5 14. Kh1 Be6 15.
Nxe5 dxe5 16. Nc4 Nd7 17. Qf2 b5 18. Ne3 Bc5 19. Qg3 Bxe3 20. Qxe3 f6 21. Rf2
Qb6 22. Qg3 Kg7 23. Raf1 Qc6 24. Qh4 h6 25. Rf3 Rad8 26. h3 Bf7 27. Qg3 Be6 28.
Qh4 Qc5 29. Kh2 Qe7 30. Qg3 Rf7 31. Qf2 Qc5 32. Qg3 Rdf8 33. Qh4 Qc7 34. Qg3 Qb6
35. Qh4 Qb7 36. Qg3 Kh7 37. Qf2 Kg7 38. Qe3 Qb6 39. Qe1 Kh7 40. Qh4 Kg7 41. Qg3
Qb7 42. Qf2 Qb8 43. Qe3 Qb6 44. Qe1 Kh7 45. Qh4 Kg7 1/2-1/2

[Event "9th Sunway Sitges 2022"]
[Site "Sitges ESP"]
[Date "2022.12.14"]
[Round "3.83"]
[White "Shailesh, Dravid"]
[Black "Sperat Czar, Nicolas"]
[Result "1-0"]
[WhiteTitle "FM"]
[WhiteElo "2286"]
[BlackElo "2047"]
[WhiteFideId "25017969"]
[BlackFideId "551007827"]
[EventDate "2022.12.12"]

1. e4 e5 2. Nf3 Nc6 3. Bc4 Nf6 4. Ng5 d5 5. exd5 Na5 6. Bb5+ c6 7. dxc6 bxc6 8.
Qf3 cxb5 9. Qxa8 Be7 10. d3 O-O 11. O-O Qc7 12. Qf3 Qxc2 13. Nc3 Rd8 14. Be3
Qxb2 15. Nce4 Bb7 16. Rfb1 Qa3 17. Rxb5 Ba6 18. Bc5 Bxb5 19. Bxa3 Rxd3 20. Bxe7 1-0

[Event "9th Sunway Sitges 2022"]
[Site "Sitges ESP"]
[Date "2022.12.14"]
[Round "3.84"]
[White "Pipiras, Filipa Fortuna"]
[Black "Enkhtuul, Altan-Ulzii"]
[Result "1-0"]
[WhiteTitle "WFM"]
[BlackTitle "WGM"]
[WhiteElo "2065"]
[BlackElo "2285"]
[WhiteFideId "1944894"]
[BlackFideId "4901444"]
[EventDate "2022.12.12"]

1. d4 Nf6 2. c4 c5 3. d5 g6 4. Nc3 d6 5. e4 Bg7 6. Bd3 O-O 7. h3 e6 8. Nf3 exd5
9. exd5 Nfd7 10. O-O Ne5 11. Nxe5 Bxe5 12. Bh6 Re8 13. Qd2 Na6 14. Rae1 Bd7 15.
Bg5 f6 16. Bh4 Qe7 17. f4 Bd4+ 18. Bf2 Bxf2+ 19. Qxf2 Qg7 20. f5 g5 21. Qg3 Re5
22. Ne4 Qf8 23. h4 h6 24. hxg5 hxg5 25. Nxg5 Qg7 26. Rxe5 dxe5 27. Ne4 Qxg3 28.
Nxg3 Nb4 29. Bb1 Kf7 30. Ne4 b6 31. Kf2 Rh8 32. a3 Na6 33. Kf3 Ke7 34. g4 b5 35.
cxb5 Bxb5 36. Rc1 Rh3+ 37. Kg2 Rb3 38. d6+ Kd7 39. Nxf6+ Kxd6 40. Rd1+ Ke7 41.
Nd5+ Kf8 42. Rd2 Bc6 43. Be4 c4 44. Nc3 Bxe4+ 45. Nxe4 Re3 46. Ng3 Nc5 47. Rc2
Rb3 48. Rxc4 Rxb2+ 49. Kh3 Nd3 50. g5 Nf2+ 51. Kh4 Rb3 52. Rc8+ Ke7 53. f6+ Kf7
54. Rc7+ Ke6 55. Re7+ Kd6 56. g6 Rf3 57. g7 Rxf6 58. g8=Q Kxe7 59. Nh5 Rf7 60.
Qa8 Ke6 61. Qe8+ Re7 62. Qc6+ Kf7 63. Qf6+ Ke8 64. Qxf2 e4 65. Qe3 Kf8 66. Ng3
a5 67. Nxe4 a4 68. Qf4+ Kg8 69. Nf6+ Kg7 70. Nh5+ Kh7 71. Qxa4 Kg6 72. Qg4+ Kh7
73. Nf6+ 1-0

[Event "9th Sunway Sitges 2022"]
[Site "Sitges ESP"]
[Date "2022.12.14"]
[Round "3.85"]
[White "Schulze, Lara"]
[Black "Jimenez Fernandez, Rebeca"]
[Result "1/2-1/2"]
[WhiteTitle "FM"]
[BlackTitle "WFM"]
[WhiteElo "2284"]
[BlackElo "2040"]
[WhiteFideId "12956830"]
[BlackFideId "32070934"]
[EventDate "2022.12.12"]

1. e4 c5 2. Nf3 d6 3. Bb5+ Bd7 4. Bxd7+ Qxd7 5. c4 Nc6 6. d4 cxd4 7. Nxd4 Nf6 8.
Nc3 g6 9. f3 Nxd4 10. Qxd4 Bg7 11. O-O O-O 12. Qd3 Rfc8 13. Be3 a6 14. b3 b5 15.
Rac1 bxc4 16. bxc4 h5 17. Nd5 Nxd5 18. exd5 Rab8 19. Rc2 Qa4 20. f4 Rb4 21. c5
dxc5 22. f5 Qb5 23. Qxb5 axb5 24. Rxc5 Rxc5 25. Bxc5 Bd4+ 26. Bxd4 Rxd4 27. f6
exf6 28. Rxf6 Rxd5 29. Rb6 Kg7 30. Kf2 Rd2+ 31. Kf3 Rxa2 32. Rxb5 Ra3+ 33. Kf2
h4 34. h3 Rc3 35. Ra5 Rb3 36. Rc5 Kf6 37. Ra5 g5 38. Ra6+ Kf5 39. Ra5+ Kg6 40.
Ra6+ f6 41. Rc6 Rb4 42. Kf3 Rb3+ 43. Kf2 Rb5 44. Kf3 Kf5 45. Ra6 Ke5 46. Ra8
Rb3+ 47. Kf2 Rd3 48. Ra4 f5 49. Ra8 Ke4 50. Rg8 Rd2+ 51. Kg1 Kf4 52. Kh2 Re2 53.
Rf8 Re3 54. Rg8 Rg3 55. Re8 Rc3 56. Rg8 Rc5 57. Kg1 g4 58. hxg4 fxg4 59. Kh2 h3
60. Rf8+ Rf5 61. Rxf5+ Kxf5 62. gxh3 gxh3 63. Kxh3 1/2-1/2

[Event "9th Sunway Sitges 2022"]
[Site "Sitges ESP"]
[Date "2022.12.14"]
[Round "3.86"]
[White "Moracchini, Margaux"]
[Black "Mamedov, Edgar"]
[Result "0-1"]
[BlackTitle "FM"]
[WhiteElo "2046"]
[BlackElo "2283"]
[WhiteFideId "36018198"]
[BlackFideId "13739980"]
[EventDate "2022.12.12"]

1. e4 c5 2. Nc3 e6 3. Nf3 Nc6 4. d4 cxd4 5. Nxd4 Qc7 6. Be3 a6 7. g3 b5 8. Bg2
Bb7 9. Qe2 Nf6 10. f4 d6 11. O-O Be7 12. h3 O-O 13. g4 b4 14. Nd1 Nxd4 15. Bxd4
e5 16. fxe5 dxe5 17. Bf2 a5 18. Re1 Ba6 19. Qd2 Rfd8 20. Qc1 Bb7 21. c4 Bc5 22.
b3 Rd3 23. Bf1 Rd4 24. Bxd4 Bxd4+ 25. Kh2 Nxe4 26. Bg2 Nc5 27. Rb1 Nd3 28. Qd2
e4+ 29. Kh1 Nxe1 30. Qxe1 Qf4 31. Nb2 Be5 32. Qg1 Qg3 0-1

[Event "9th Sunway Sitges 2022"]
[Site "Sitges ESP"]
[Date "2022.12.14"]
[Round "3.87"]
[White "Schmuck, Corentin"]
[Black "Md Imran"]
[Result "0-1"]
[BlackTitle "CM"]
[WhiteElo "2040"]
[BlackElo "2279"]
[WhiteFideId "20669569"]
[BlackFideId "25748580"]
[EventDate "2022.12.12"]

1. e4 c5 2. Nf3 Nc6 3. d4 cxd4 4. Nxd4 g6 5. c4 Bg7 6. Be3 Qb6 7. Nb3 Qc7 8. Qd2
Nf6 9. Nc3 O-O 10. Be2 b6 11. Rc1 Bb7 12. f3 Rac8 13. O-O Qb8 14. Rfd1 Rfd8 15.
Bf1 d6 16. Qf2 e6 17. Bf4 Ne5 18. Nb5 Ne8 19. Qg3 a6 20. N5d4 Rd7 21. Rc2 Rdc7
22. Rdc1 Nf6 23. Qf2 Nfd7 24. Be3 Qa8 25. a4 Nc5 26. Nxc5 bxc5 27. Ne2 Nd3 28.
Qg3 Nxc1 29. Bxc1 Bc6 30. b3 Qb8 31. Qxd6 Qxb3 32. Rd2 Rd7 33. Qxc5 Bf8 34. Qf2
Qxc4 35. Nd4 Qxc1 36. Rc2 Qa3 37. Nxc6 Rdc7 38. Ra2 Qc1 39. Rc2 Qa1 40. Qb6 Rxc6
41. Rxc6 Rxc6 42. Qxc6 Qd4+ 43. Kh1 Bc5 0-1

[Event "9th Sunway Sitges 2022"]
[Site "Sitges ESP"]
[Date "2022.12.14"]
[Round "3.88"]
[White "Ram, Aravind L N"]
[Black "Le Pen, Steven"]
[Result "1-0"]
[WhiteTitle "FM"]
[WhiteElo "2272"]
[BlackElo "2038"]
[WhiteFideId "25033760"]
[BlackFideId "612197"]
[EventDate "2022.12.12"]

1. d4 Nf6 2. c4 g6 3. f3 d5 4. cxd5 Nxd5 5. e4 Nb6 6. Nc3 Bg7 7. Be3 O-O 8. Qd2
Nc6 9. O-O-O f5 10. e5 Nb4 11. h4 Be6 12. a3 N4d5 13. Bh6 Bf7 14. h5 Nxc3 15.
bxc3 Qd5 16. Bxg7 Kxg7 17. hxg6 Bxg6 18. Bd3 c5 19. g4 e6 20. gxf5 exf5 21. Qh6+
Kf7 22. Ne2 cxd4 23. Nxd4 Rac8 24. e6+ Kg8 25. Rdg1 Rxc3+ 26. Bc2 Rxc2+ 27. Nxc2 1-0

[Event "9th Sunway Sitges 2022"]
[Site "Sitges ESP"]
[Date "2022.12.14"]
[Round "3.89"]
[White "Boixader Arbo, Xavier"]
[Black "Schneider, Jana"]
[Result "0-1"]
[BlackTitle "FM"]
[WhiteElo "2039"]
[BlackElo "2272"]
[WhiteFideId "32067305"]
[BlackFideId "12924997"]
[EventDate "2022.12.12"]

1. e4 e5 2. Nf3 Nc6 3. d4 exd4 4. Nxd4 Bc5 5. Nb3 Bb6 6. Nc3 Nf6 7. Qe2 O-O 8.
Bg5 h6 9. Bh4 a5 10. a4 Nd4 11. Qd3 Nxb3 12. cxb3 d6 13. O-O-O Be6 14. Qc2 Qe7
15. Bc4 Bxc4 16. bxc4 Qe6 17. Nd5 Nxd5 18. exd5 Qg4 19. Bg3 Rfe8 20. f3 Qg5+ 21.
Kb1 Bc5 22. Be1 Re7 23. Bc3 Qh4 24. g4 b6 25. Rhe1 Rae8 26. Rxe7 Rxe7 27. Qf5
Bb4 28. Bd4 Qg5 29. Rg1 Bc5 30. Qxg5 hxg5 31. Bxc5 bxc5 32. Rg2 Re1+ 33. Ka2 Rc1
34. Kb3 Rf1 35. Rg3 Kf8 36. Kc3 Ke7 37. Kd3 Rf2 38. b3 Rxh2 39. Ke4 Re2+ 40. Kd3
Rb2 41. Kc3 Rf2 42. Rh3 f5 43. gxf5 Kf6 44. Kd3 Kxf5 45. Rh8 Rxf3+ 46. Ke2 Rxb3
47. Ra8 Ke4 48. Rxa5 Rb2+ 49. Kf1 Kd3 50. Ra7 Kxc4 51. Rxc7 Kxd5 52. Rxg7 Kc4
53. Rxg5 d5 54. Ke1 Ra2 55. Rg4+ d4 56. Kd1 Rxa4 57. Kc2 Ra2+ 58. Kb1 Rh2 59.
Rg1 d3 60. Kc1 Kc3 61. Rd1 c4 62. Kb1 d2 63. Rg1 Rh3 64. Rf1 Re3 65. Ka2 Kc2 66.
Rb1 Ra3+ 0-1

[Event "9th Sunway Sitges 2022"]
[Site "Sitges ESP"]
[Date "2022.12.14"]
[Round "3.90"]
[White "Domene Mulyukov, Alexander"]
[Black "Karadzhov, Ivan"]
[Result "0-1"]
[WhiteTitle "FM"]
[WhiteElo "2271"]
[BlackElo "2024"]
[WhiteFideId "24589802"]
[BlackFideId "2922568"]
[EventDate "2022.12.12"]

1. e4 c5 2. Nf3 d6 3. d4 cxd4 4. Qxd4 Nc6 5. Qe3 Nf6 6. h3 g6 7. Nc3 Bg7 8. Bc4
O-O 9. O-O Bd7 10. Qf4 Rc8 11. Qh4 Nd4 12. Bxf7+ Rxf7 13. Nxd4 Nh5 14. Nde2 h6
15. f3 b5 16. a3 a5 17. Be3 Qf8 18. Rfd1 e6 19. Qg4 Kh7 20. Qh4 b4 21. axb4 axb4
22. Na4 Rxc2 23. Nd4 Bxd4 24. Rxd4 Re2 25. Bf2 Rf4 26. g4 g5 27. Qxh5 Be8 28.
Nc5 Bxh5 29. Nxe6 Qh8 30. Nxf4 Qxd4 31. gxh5 Qxf2+ 0-1

[Event "9th Sunway Sitges 2022"]
[Site "Sitges ESP"]
[Date "2022.12.14"]
[Round "3.91"]
[White "Jinan, Jomon"]
[Black "Tudor, Henry Edward"]
[Result "1-0"]
[WhiteElo "2271"]
[BlackElo "1942"]
[WhiteFideId "35002511"]
[BlackFideId "2409836"]
[EventDate "2022.12.12"]

1. e4 c5 2. Nf3 e6 3. g3 Nc6 4. Bg2 d5 5. exd5 exd5 6. d4 cxd4 7. O-O Bc5 8.
Nbd2 d3 9. cxd3 Nge7 10. Nb3 Bb6 11. Be3 O-O 12. Nfd4 Nf5 13. Nxf5 Bxf5 14. Qf3
Be6 15. Rfe1 Nb4 16. Rec1 d4 17. Bd2 Bd5 18. Qe2 Nxa2 19. Rc4 Bxc4 20. dxc4 d3
21. Qf3 Rc8 22. Rxa2 Rxc4 23. Bc3 Rc6 24. Bf1 Rd6 25. Ra1 Qd7 26. Rd1 Rd8 27.
Nd2 Rd5 28. Nc4 Bc7 29. Ne3 Rd6 30. Nf5 Rg6 31. Rxd3 Qe6 32. Re3 Qb6 33. Ne7+ 1-0

[Event "9th Sunway Sitges 2022"]
[Site "Sitges ESP"]
[Date "2022.12.14"]
[Round "3.92"]
[White "Newrkla, Katharina"]
[Black "Patil, Harshal"]
[Result "1-0"]
[WhiteTitle "WIM"]
[WhiteElo "2265"]
[BlackElo "1928"]
[WhiteFideId "1621629"]
[BlackFideId "45036756"]
[EventDate "2022.12.12"]

1. e4 c6 2. d4 d5 3. e5 c5 4. dxc5 e6 5. Nf3 Bxc5 6. Bd3 Ne7 7. O-O Qc7 8. a3
Nd7 9. b4 Bb6 10. Bb2 a5 11. Nc3 Nc6 12. Nb5 Qb8 13. Nd6+ Kf8 14. c4 dxc4 15.
Nxc4 Bc7 16. Be4 g6 17. b5 Ne7 18. Qd2 Kg7 19. Qf4 Rf8 20. Rad1 Ng8 21. a4 h6
22. Ba3 Rd8 23. h4 Qa7 24. h5 Nc5 25. hxg6 fxg6 26. Rxd8 Bxd8 27. Bxc5 Qxc5 28.
Nd6 Qc7 29. Ne8+ 1-0

[Event "9th Sunway Sitges 2022"]
[Site "Sitges ESP"]
[Date "2022.12.14"]
[Round "3.93"]
[White "Comellas Blanchart, Jordi"]
[Black "Kostov, Deyan Samuil"]
[Result "0-1"]
[BlackTitle "FM"]
[WhiteElo "2034"]
[BlackElo "2260"]
[WhiteFideId "2291096"]
[BlackFideId "30909015"]
[EventDate "2022.12.12"]

1. d4 d5 2. c4 dxc4 3. e3 Nf6 4. Bxc4 e6 5. Nf3 a6 6. O-O c5 7. Nbd2 Nc6 8. dxc5
Bxc5 9. a3 O-O 10. Be2 Qe7 11. b4 Ba7 12. Nc4 Rd8 13. Qb3 e5 14. Qb2 Bg4 15. h3
Bxf3 16. Bxf3 e4 17. Be2 b5 18. Na5 Nxa5 19. bxa5 Bb8 20. Qb1 Nd5 21. Bd2 h5 22.
f4 Nxf4 23. exf4 Rxd2 24. Bxh5 Qc5+ 0-1

[Event "9th Sunway Sitges 2022"]
[Site "Sitges ESP"]
[Date "2022.12.14"]
[Round "3.95"]
[White "Vignesh, B"]
[Black "Ryan, Joseph"]
[Result "1/2-1/2"]
[BlackTitle "FM"]
[WhiteElo "2032"]
[BlackElo "2249"]
[WhiteFideId "35051555"]
[BlackFideId "2500426"]
[EventDate "2022.12.12"]

1. Nf3 d5 2. b3 Nf6 3. Bb2 Bf5 4. g3 e6 5. Bg2 h6 6. d3 Be7 7. Nbd2 O-O 8. O-O
c5 9. Ne5 Bh7 10. e4 d4 11. f4 Nfd7 12. Nxd7 Qxd7 13. e5 Nc6 14. Bxc6 Qxc6 15.
a4 f6 16. exf6 Bxf6 17. Qe2 Rae8 18. Nc4 Qd5 19. Rae1 b6 20. Bc1 Bd8 21. Ne5 Bc7
22. Qh5 Qd8 23. g4 Rf6 24. Qh3 Ref8 25. Qg2 g5 26. Nc6 Qd6 27. fxg5 Rxf1+ 28.
Rxf1 Qxh2+ 29. Qxh2 Bxh2+ 30. Kg2 Rxf1 31. Kxf1 hxg5 32. Nxa7 Kf7 33. Bxg5 Ke8
34. Kg2 Bb8 35. Nb5 Kd7 36. Kf3 Kc6 37. Bd8 Bh2 38. Bh4 Bb8 39. Bg3 e5 40. Ke2
Kd5 41. Na3 Bc7 42. Nc4 Bg6 43. Nd2 Bd6 44. Bh4 Bc7 45. Kf3 Bh7 46. Ne4 Bg6 47.
Nf6+ Ke6 48. Nh5 Kd5 49. Ng3 Ke6 50. Bg5 Bh7 51. Ne4 Bg6 52. a5 bxa5 53. Nxc5+
Kd5 54. Ne4 Ke6 55. Bd2 Be8 56. Kg3 Bg6 57. Kh4 Bd8+ 58. g5 Kd5 59. Kg4 Bb6 60.
Be1 Ke6 61. Nd2 Bc7 62. Nf3 Be8 63. Bg3 a4 64. bxa4 Bxa4 65. g6 Bxc2 66. Kh5
Bxd3 67. g7 Kf7 68. Kh6 Kg8 69. Bxe5 Be4 70. Bxc7 Bxf3 1/2-1/2

[Event "9th Sunway Sitges 2022"]
[Site "Sitges ESP"]
[Date "2022.12.14"]
[Round "3.96"]
[White "Aditya, Varun Gampa"]
[Black "Morais, Miguel Almeida"]
[Result "1/2-1/2"]
[WhiteElo "2249"]
[BlackElo "1844"]
[WhiteFideId "45066183"]
[BlackFideId "1960687"]
[EventDate "2022.12.12"]

1. e4 c6 2. d4 d5 3. e5 Bf5 4. h4 h5 5. c4 e6 6. Nc3 dxc4 7. Bxc4 Nd7 8. Nge2
Be7 9. Ng3 Bg6 10. Nge4 Nh6 11. Bg5 Bxe4 12. Nxe4 Nf5 13. Rh3 Nb6 14. Bb3 Qxd4
15. Qxd4 Nxd4 16. O-O-O Nf5 17. Rhd3 Nd5 18. f3 Bxg5+ 19. hxg5 h4 20. g6 Ke7 21.
gxf7 Kxf7 22. Rh1 Ke7 23. Rhd1 Kf7 24. Rh1 Ke7 25. Rhd1 Kf7 1/2-1/2

[Event "9th Sunway Sitges 2022"]
[Site "Sitges ESP"]
[Date "2022.12.14"]
[Round "3.97"]
[White "Oswaldo Valentin, Requejo Cotrin"]
[Black "Arvind Ramnath Iyer"]
[Result "1/2-1/2"]
[WhiteTitle "FM"]
[WhiteElo "2248"]
[BlackElo "1834"]
[WhiteFideId "3800423"]
[BlackFideId "5062160"]
[EventDate "2022.12.12"]

1. e4 c5 2. b4 cxb4 3. Bb2 d6 4. Bc4 Nf6 5. a3 e6 6. Qe2 Nc6 7. Nf3 Be7 8. axb4
Nxb4 9. O-O O-O 10. d3 d5 11. Bb3 dxe4 12. dxe4 Bd7 13. Ne5 Nc6 14. Nxd7 Qxd7
15. e5 Nd5 16. Nd2 Nf4 17. Qe3 Ng6 18. f4 Bd8 19. Nc4 b5 20. Rad1 Qb7 21. Rxd8
Raxd8 22. Nd6 Qb6 23. Qxb6 axb6 24. f5 Ngxe5 25. Nxb5 exf5 26. Ba3 g6 27. Bxf8
Kxf8 28. Ra1 Na5 29. Re1 Nxb3 30. Rxe5 Nc5 31. Re1 Rd2 32. Na3 Ne4 33. Nc4 Rxc2
34. Nxb6 Kg7 35. Nd5 Nc3 36. Ne3 Re2 37. Rxe2 Nxe2+ 38. Kf2 Nd4 39. Nd5 f6 40.
Ke3 Ne6 41. Kf3 h5 42. Ke3 Kf7 43. Kd3 g5 44. Ke3 Nf8 45. Kd4 Ng6 46. g3 f4 47.
gxf4 Nxf4 48. Nxf4 gxf4 49. Ke4 f5+ 50. Kxf4 Kg6 51. Kf3 Kg5 52. Kg3 f4+ 53. Kf3
Kf5 54. Kf2 Ke4 55. Ke2 f3+ 56. Kf2 Kf4 57. Kf1 Ke3 58. Ke1 Kf4 59. Kf2 Kg4 60.
Ke3 h4 61. Kf2 Kf4 62. Ke1 Ke3 63. Kf1 Ke4 64. Kf2 Kf4 65. Ke1 1/2-1/2